| 000 | 00511nam a2200145 a 4500 | ||
|---|---|---|---|
| 008 | 120416s1970 ||||||||||||||||| || u | ||
| 050 | _aNA 737.R8 Moh | ||
| 100 | _aMoholy-nagy, Sibyl | ||
| 245 | 1 | 4 | _aThe architecture of Paul Rudolph |
| 260 |
_aLondon _bThames and Hudson _c1970 |
||
| 300 | _a239p. : ill. | ||
| 350 | _a0.00 | ||
| 700 | _aRudolph, Paul | ||
| 995 |
_D0.00 _FCBU-MAIN LIBRARY (Kitwe) _H1 _I0.00 _UAVAILABLE _ZMain Library Open Access Collection |
||
| 999 |
_c34797 _d34797 |
||